00681cam a2200217 a 45000010005000000030008000050050017000130080041000300200015000710350014000860400041001000410008001410820020001492450084001692600040002533000034002935040053003276500023003807000036004037000024004399979BD-RjUL20211208234856.0140122s1968 paua b 001 0 eng d a0879334223 a(BD-RjUL) aDLCcDLCdDLCdOCoLCd(BD-RjUL)beng aeng00a541.38219bNUC00aNuclear chemistry /cedited by Glenn T. Seaborg and Walter Loveland.nvolume -1 aNew York :bAcademic Press,cc1968 axvi, 488 p. :bill. ;c26 cm. aIncludes bibliographical references and indexes. 0aNuclear chemistry.1 aSeaborg, Glenn Theodore,d1912-1 aLoveland, Walter D.